[Event "IECC CL6-2005.08 email"]
[Site "IECC email"]
[Date "2005.05.12"]
[Round "?"]
[White "Kerber, Krzysztof"]
[Black "Kinna, Michael"]
[Result "0-1"]
[WhiteElo "1269"]
[BlackElo "1318"]
[PlyCount "134"]
[EventDate "2005.??.??"]
[EventType "tourn (corr)"]
[EventRounds "4"]
[SourceTitle "Corr 2008"]
[Source "ChessBase"]
[SourceDate "2008.06.24"]
[SourceVersion "1"]
[SourceVersionDate "2008.06.24"]
[SourceQuality "1"]

1. d4 f5 2. c4 Nf6 3. Nc3 e6 4. Nf3 d5 5. cxd5 exd5 6. Bg5 Be6 7. e3 a6 8. Bd3 h6 9. Bxf6 Qxf6 10. 0-0 Nc6 11. a3 Bd6 12. Rc1 g5 13. Na4 g4 14. Nd2 h5 15. Nc5 Nd8 16. f3 Bxh2+ 17. Kf2 Qh4+ 18. Ke2 Rg8 19. f4 g3 20. Nxe6 Qg4+ 21. Nf3 Nxe6 22. Kd2 h4 23. Be2 Qg7 24. Nxh4 Qf6 25. Bh5+ Ke7 26. Nf3 Rg7 27. Ne5 c6 28. Qb3 Nd8 29. Rc3 Kf8 30. Qb4+ Kg8 31. a4 a5 32. Qa3 Rh7 33. Be2 Qe7 34. Qa2 Nf7 35. Nd3 Nd6 36. Bf3 Ne4+ 37. Bxe4 Qxe4 38. Rf3 Qe7 39. Nc5 Re8 40. Rb3 Rb8 41. Qb1 Rf7 42. Nd3 Rg7 43. Ne5 Qe6 44. Ke2 Rc7 45. Qe1 b6 46. Rf1 c5 47. Qd2 c4 48. Rb5 Rbc8 49. Rc1 Kg7 50. b4 cxb3 51. Rxc7+ Rxc7 52. Rxb3 Qe8 53. Rb5 Bg1 54. Qa2 Qh5+ 55. Nf3 Qh1 56. Kd3 Bf2 57. Rb1 Qxg2 58. Qxd5 Re7 59. Qxf5 Rxe3+ 60. Kc4 Qxf3 61. Qg5+ Kf7 62. Qf5+ Ke7 63. Qg5+ Kd7 64. Qf5+ Re6 65. Qf7+ Re7 66. Qf5+ Kc7 67. Rb3 Qc6+ 0-1

[Event "IECC CL6-2005.08 email"]
[Site "IECC email"]
[Date "2005.05.12"]
[Round "?"]
[White "Kerber, Krzysztof"]
[Black "Mathes, Christian"]
[Result "1/2-1/2"]
[WhiteElo "1269"]
[BlackElo "1277"]
[PlyCount "43"]
[EventDate "2005.??.??"]
[EventType "tourn (corr)"]
[EventRounds "4"]
[SourceTitle "Corr 2020"]
[Source "ChessBase"]
[SourceDate "2019.09.30"]
[SourceVersion "1"]
[SourceVersionDate "2019.09.30"]
[SourceQuality "1"]
[WhiteTeam "Poland"]
[BlackTeam "Germany"]
[WhiteTeamCountry "POL"]
[BlackTeamCountry "GER"]

1. d4 Nf6 2. c4 g6 3. Nc3 d5 4. e3 Bg7 5. Nf3 0-0 6. c5 b6 7. b4 a5 8. Ba3 axb4 9. Bxb4 bxc5 10. Bxc5 Nbd7 11. Bb4 c5 12. dxc5 Ne4 13. Nd4 Nxc3 14. Bxc3 Nxc5 15. Be2 Ne4 16. Qb3 Nxc3 17. Qxc3 Qd6 18. 0-0 Bd7 19. Qd2 Rfc8 20. Rfc1 Rxc1+ 21. Rxc1 Qa3 22. Rc2 1/2-1/2

[Event "IECC CL6-2001.31"]
[Site "IECC email"]
[Date "2001.10.11"]
[Round "?"]
[White "Kerber, Krzysztof"]
[Black "Turko, Sergey Ivanovich"]
[Result "0-1"]
[WhiteElo "1221"]
[BlackElo "1577"]
[PlyCount "48"]
[EventDate "2001.??.??"]
[EventType "tourn (corr)"]
[EventRounds "4"]
[SourceTitle "Corr 2008"]
[Source "ChessBase"]
[SourceDate "2008.06.24"]
[SourceVersion "1"]
[SourceVersionDate "2008.06.24"]
[SourceQuality "1"]

1. d4 d5 2. c4 Nc6 3. Nf3 Bg4 4. e3 e6 5. Nc3 Bb4 6. Bd2 Nf6 7. cxd5 exd5 8. Be2 0-0 9. 0-0 Re8 10. h3 Bh5 11. Rc1 Ne4 12. a3 Bxc3 13. Bxc3 Qd6 14. b4 a5 15. Bb5 axb4 16. Bxc6 Nxc3 17. Rxc3 bxc3 18. Bxe8 Rxe8 19. Qb3 Bxf3 20. gxf3 Qg6+ 21. Kh2 Qd3 22. Rd1 Qe2 23. Kg2 Re6 24. Qxd5 Rg6+ 0-1